Normal view
MARC view
Entry Personal Name
001 - CONTROL NUMBER
- control field: 26891
003 - CONTROL NUMBER IDENTIFIER
- control field: OSt
005 - DATE AND TIME OF LATEST TRANSACTION
- control field: 20230627150815.0
008 - FIXED-LENGTH DATA ELEMENTS
- fixed length control field: 230627|| aca||aabn | a|a d
040 ## - CATALOGING SOURCE
- Original cataloging agency: OSt
- Transcribing agency: OSt
100 ## - HEADING--PERSONAL NAME
- Personal name: လွၼ်ႉတွၼ်း
- Titles and other words associated with a name: ၸၢႆး (ထုင်ႉမၢဝ်း)
670 ## - SOURCE DATA FOUND
- Source citation: Work cat.: (OSt): လွၼ်ႉတွၼ်း ၸၢႆး (ထုင်ႉမၢဝ်း), ၶေႃႈပၢႆးဝူၼ်ႉၶိုၼ်ႈယႂ်ႇပၢၼ်ၼုမ်ႇမႂ်ႇ /, 2001